| 000 | 00609nam a2200229 a 4500 | ||
|---|---|---|---|
| 001 | nice12345678 | ||
| 003 | IN_TiNIC | ||
| 005 | 20260116015338.0 | ||
| 008 | 100205s1980 u.sa grp 000 0 eng | ||
| 020 |
_a0933552092 _c100 |
||
| 082 | 0 | 0 |
_a232.4 _bNUR |
| 100 | _aNursi, Bediuzzaman | ||
| 245 |
_aResurrection and the Hereafter _b A Decisive Proof of Their Reality |
||
| 260 |
_aU.S.A. _bGolden Horn Press _c1980 |
||
| 300 | _a187p | ||
| 500 | _aincludes index and biblioraphy | ||
| 650 | _aResurrection | ||
| 700 | 1 | _aNursi, Bediuzzaman | |
| 902 | _bSRS | ||
| 942 | _cBK | ||
| 999 |
_c19321 _d19321 |
||